NLSUI OPAC header image

Governance : (Record no. 115533)

MARC details
000 -LEADER
fixed length control field 00928cam a2200277 i 4500
001 - CONTROL NUMBER
control field 17701172
003 - CONTROL NUMBER IDENTIFIER
control field OSt
005 - DATE AND TIME OF LATEST TRANSACTION
control field 20260219063006.0
008 - FIXED-LENGTH DATA ELEMENTS--GENERAL INFORMATION
fixed length control field 130417s2012 enk b 001 0 eng
010 ## - LIBRARY OF CONGRESS CONTROL NUMBER
LC control number 2012533404
020 ## - INTERNATIONAL STANDARD BOOK NUMBER
International Standard Book Number 9780199606412
040 ## - CATALOGING SOURCE
Original cataloging agency DLC
Language of cataloging eng
Transcribing agency DLC
Description conventions rda
Modifying agency DLC
042 ## - AUTHENTICATION CODE
Authentication code pcc
082 ## - DEWEY DECIMAL CLASSIFICATION NUMBER
Classification number 320 BEV
100 1# - MAIN ENTRY--PERSONAL NAME
Personal name Bevir, Mark
245 10 - TITLE STATEMENT
Title Governance :
Remainder of title a very short introduction /
Statement of responsibility, etc. Mark Bevir
250 ## - EDITION STATEMENT
Edition statement First edition.
264 #1 - PRODUCTION, PUBLICATION, DISTRIBUTION, MANUFACTURE, AND COPYRIGHT NOTICE
Place of production, publication, distribution, manufacture Oxford :
Name of producer, publisher, distributor, manufacturer Oxford University Press,
Date of production, publication, distribution, manufacture, or copyright notice 2012.
300 ## - PHYSICAL DESCRIPTION
Extent 132 p. ;
Dimensions 18 cm.
490 0# - SERIES STATEMENT
Series statement Very short introductions
505 ## - Contents
Contents List of abbreviations <br/>1. What is governance?<br/>2. Organizational governance<br/>3. Corporate governance<br/>4. Public governance<br/>5. Global governance<br/>6. Good Governance<br/>Further reading <br/>Index
650 ## - SUBJECT ADDED ENTRY--TOPICAL TERM
Topical term or geographic name entry element Governance
906 ## - LOCAL DATA ELEMENT F, LDF (RLIN)
a 0
b ibc
c orignew
d 2
e ncip
f 20
g y-gencatlg
942 ## - ADDED ENTRY ELEMENTS (KOHA)
Source of classification or shelving scheme Dewey Decimal Classification
Koha item type BOOKs
Holdings
Withdrawn status Lost status Source of classification or shelving scheme Materials specified (bound volume or other part) Damaged status Not for loan Home library Current library Shelving location Date acquired Source of acquisition Cost, normal purchase price Total Checkouts Full call number Barcode Date last seen Price effective from Koha item type
    Dewey Decimal Classification PB     NLS NLS   11/03/2018 Purchased 250.00   320 BEV 36079 11/03/2019 11/03/2019 BOOKs